Minority politics in the Punjab.

Bibliographic Details
Main Author: Nayar, Baldev Raj
Format: Book
Language:English
Published: Princeton, N.J. : Princeton University Press, 1966.
Subjects:

MARC

Tag First Indicator Second Indicator Subfields
LEADER 00000cam a2200000 4500
001 in00000038947
005 20151007081411.0
008 720919s1966 eng u
010 |a  65017155  
035 |a (OCoLC)00409454 
035 |9 AAF6326AM 
040 |c WSU  |d TXA  |d UtOrBLW 
049 |a TXAM  |c [454282] 
090 |a DS485.P3  |b N3 
092 |a 320.9545  |b N993m 
100 1 |a Nayar, Baldev Raj. 
245 1 0 |a Minority politics in the Punjab. 
264 1 |a Princeton, N.J. :  |b Princeton University Press,  |c 1966. 
300 |a 373 pages 
336 |a text  |b txt  |2 rdacontent 
337 |a unmediated  |b n  |2 rdamedia 
338 |a volume  |b nc  |2 rdacarrier 
504 |a Bibliography: pages [349]-360. 
650 0 |a Sikhs. 
651 0 |a Punjab (India)  |x Politics and government. 
999 |a MARS 
999 f f |s 8d28c20d-6e1d-3018-9bb4-27a83e41ed91  |i 5378410d-049f-3244-a5e3-1b6699a841b2  |t 0 
952 f f |p ric  |a Texas A&M University  |b Rellis Campus  |c Joint Library Facility  |d Remote Storage  |t 0  |e DS485.P3 N3  |h Library of Congress classification  |i unmediated -- volume  |m A14800660661 
998 f f |a DS485.P3 N3  |t 0  |l Remote Storage